[Event "OP-2022-0-05345"]
[Site "LSS email"]
[Date "2022.10.23"]
[Round "?"]
[White "Christensen, Michael"]
[Black "Van Boven, Maarten"]
[Result "0-1"]
[WhiteElo "1785"]
[BlackElo "1822"]
[PlyCount "26"]
[EventDate "2022.10.16"]
[EventType "tourn (corr)"]
[EventRounds "4"]
[EventCountry "GER"]
[SourceTitle "Corr 2024"]
[Source "ChessBase"]
[SourceDate "2023.10.19"]
[SourceVersion "1"]
[SourceVersionDate "2023.10.19"]
[SourceQuality "1"]

1. c4 e5 2. g3 Nf6 3. Bg2 c6 4. Nc3 d5 5. cxd5 cxd5 6. Qb3 Nc6 7. Nxd5 Nd4 8. Nxf6+ Qxf6 9. Qd3 Be7 10. e3 Nc6 11. a3 0-0 12. b4 Rd8 13. Be4 Rxd3 0-1

[Event "OP-2022-0-05345"]
[Site "LSS email"]
[Date "2022.10.22"]
[Round "?"]
[White "Christensen, Michael"]
[Black "Sury, Radim"]
[Result "0-1"]
[WhiteElo "1785"]
[BlackElo "1583"]
[PlyCount "52"]
[EventDate "2022.10.16"]
[EventType "tourn (corr)"]
[EventRounds "4"]
[EventCountry "GER"]
[SourceTitle "Corr 2024"]
[Source "ChessBase"]
[SourceDate "2023.10.19"]
[SourceVersion "1"]
[SourceVersionDate "2023.10.19"]
[SourceQuality "1"]

1. e4 c5 2. Nf3 d6 3. g3 Nf6 4. d3 g6 5. Bg2 Bg7 6. 0-0 Nc6 7. Nbd2 Rb8 8. c3 e5 9. a4 0-0 10. Nc4 h6 11. Ne3 Be6 12. Nh4 d5 13. f4 exf4 14. gxf4 d4 15. f5 Nh5 16. Nf3 dxe3 17. fxe6 fxe6 18. Bxe3 Qe7 19. d4 Rbd8 20. Qd2 g5 21. d5 g4 22. Ne1 Rxf1+ 23. Bxf1 Ne5 24. Bxh6 exd5 25. exd5 Rf8 26. Bg5 Qd7 0-1

[Event "OP-2022-0-05345"]
[Site "LSS email"]
[Date "2022.10.22"]
[Round "?"]
[White "Gimenes, Luiz"]
[Black "Christensen, Michael"]
[Result "1-0"]
[WhiteElo "1738"]
[BlackElo "1785"]
[PlyCount "47"]
[EventDate "2022.10.16"]
[EventType "tourn (corr)"]
[EventRounds "4"]
[EventCountry "GER"]
[SourceTitle "Corr 2024"]
[Source "ChessBase"]
[SourceDate "2023.10.19"]
[SourceVersion "1"]
[SourceVersionDate "2023.10.19"]
[SourceQuality "1"]

1. d4 g6 2. Nf3 Nf6 3. c4 Bg7 4. Nc3 d6 5. e4 0-0 6. Be2 e5 7. 0-0 exd4 8. Nxd4 Re8 9. f3 Nc6 10. Be3 Nh5 11. Qd2 Nf4 12. Rfd1 Be5 13. Nxc6 Nxe2+ 14. Nxe2 bxc6 15. Bd4 c5 16. Bxe5 Rxe5 17. Nf4 Bb7 18. b4 cxb4 19. Qxb4 Bc6 20. Rac1 Rb8 21. Qa3 Qg5 22. Nd5 Bxd5 23. cxd5 Re7 24. Kh1 1-0

[Event "North Sea Cup 23th"]
[Site "Esbjerg"]
[Date "2008.07.16"]
[Round "8"]
[White "Christensen, Michael"]
[Black "Wasenius, Thomas"]
[Result "1-0"]
[WhiteElo "1509"]
[BlackElo "1196"]
[PlyCount "71"]
[EventDate "2008.07.11"]
[EventType "swiss"]
[EventRounds "10"]
[EventCountry "DEN"]
[SourceTitle "CBM 125 Extra"]
[Source "ChessBase"]
[SourceDate "2008.09.01"]
[SourceVersion "1"]
[SourceVersionDate "2008.09.01"]
[SourceQuality "1"]

1. e4 e6 2. d4 d5 3. exd5 exd5 4. Nf3 Nf6 5. Be3 Bf5 6. Nbd2 Nbd7 7. Be2 Be7 8. 0-0 0-0 9. Ne5 c5 10. Nxd7 Nxd7 11. dxc5 Nxc5 12. c3 Qd6 13. Bxc5 Qxc5 14. Nb3 Qd6 15. Nd4 Bd7 16. Bg4 f5 17. Bf3 Bc6 18. Re1 Kh8 19. Re6 Qc7 20. Nxc6 bxc6 21. Qa4 Bd6 22. Qh4 Rae8 23. Rae1 Be5 24. R1xe5 Rxe6 25. Rxe6 Qb6 26. Qe7 Rg8 27. Qb4 Qxb4 28. cxb4 Rc8 29. Re7 h6 30. Rxa7 d4 31. Rd7 c5 32. bxc5 Rxc5 33. h3 Rb5 34. b3 Rb4 35. Bd5 Rb6 36. Bc4 1-0

[Event "Lovsprings op-C 13th"]
[Site "Ringsted"]
[Date "2002.05.03"]
[Round "7"]
[White "Petersen, Torben William"]
[Black "Christensen, Michael"]
[Result "0-1"]
[WhiteElo "1365"]
[BlackElo "1419"]
[PlyCount "118"]
[EventDate "2002.03.08"]
[EventType "swiss"]
[EventRounds "7"]
[EventCountry "DEN"]
[SourceTitle "EXT 2023"]
[Source "ChessBase"]
[SourceDate "2022.10.05"]
[SourceVersion "1"]
[SourceVersionDate "2022.10.05"]
[SourceQuality "1"]

1. d4 d5 2. c4 e6 3. Nc3 Nf6 4. Bg5 c6 5. e3 Be7 6. Nf3 Nbd7 7. cxd5 Nxd5 8. Nxd5 cxd5 9. Bxe7 Qxe7 10. Bd3 Qb4+ 11. Qd2 Qxd2+ 12. Kxd2 0-0 13. Rac1 f6 14. Ke2 Nb6 15. Rc7 a6 16. b3 Rb8 17. Rhc1 Bd7 18. a4 Bc6 19. a5 Na8 20. Re7 Rfe8 21. Rxe8+ Bxe8 22. Nd2 Bd7 23. b4 Rc8 24. Rxc8+ Bxc8 25. Nb3 Nc7 26. Nc5 Kf7 27. g3 h6 28. h4 e5 29. dxe5 fxe5 30. e4 Kf6 31. exd5 Nxd5 32. Ne4+ Ke7 33. Bc4 Nxb4 34. Nd2 Kd6 35. Nb3 Bd7 36. Kd2 Ba4 37. Kc3 Nc6 38. Bf1 Bxb3 39. Kxb3 Nxa5+ 40. Kb4 Nc6+ 41. Kc3 b5 42. Bg2 Kc5 43. Kb2 Nd4 44. Kc3 a5 45. Be4 b4+ 46. Kb2 a4 47. f3 a3+ 48. Ka2 Kc4 49. g4 Kc3 50. Bd5 Ne2 51. Bg8 Nc1+ 52. Kb1 a2+ 53. Bxa2 Nxa2 54. Kxa2 Kd3 55. Kb3 Ke3 56. g5 Kxf3 57. Kxb4 e4 58. Kc3 Kf2 59. Kd4 e3 0-1

[Event "Lovsprings op 12th C"]
[Site "Ringsted"]
[Date "2001.03.30"]
[Round "5"]
[White "Nilsson, Jonas Gosta"]
[Black "Christensen, Michael"]
[Result "1/2-1/2"]
[WhiteElo "1558"]
[BlackElo "1358"]
[PlyCount "102"]
[EventDate "2001.03.02"]
[EventType "swiss"]
[EventRounds "7"]
[EventCountry "DEN"]
[SourceTitle "EXT 2023"]
[Source "ChessBase"]
[SourceDate "2022.10.05"]
[SourceVersion "1"]
[SourceVersionDate "2022.10.05"]
[SourceQuality "1"]

1. b4 d5 2. Bb2 e6 3. e3 Nf6 4. a3 Bd7 5. Nf3 a6 6. c4 c5 7. bxc5 Bxc5 8. d4 Be7 9. Nbd2 Bc6 10. Bd3 Nbd7 11. Rb1 Rb8 12. 0-0 Qc7 13. Qc2 0-0 14. Rfc1 h6 15. cxd5 exd5 16. Bxa6 Qa5 17. Bd3 Rfc8 18. Qc3 Qd8 19. Qb3 Ne4 20. Bc2 Nb6 21. Nxe4 Ba4 22. Qd3 dxe4 23. Qxe4 Bxc2 24. Rxc2 Nc4 25. Qd3 Nd6 26. Rbc1 Qb6 27. Ne5 Qxb2 28. Rxb2 Rxc1+ 29. Qf1 Rxf1+ 30. Kxf1 Rc8 31. Ke2 Bf8 32. a4 Ra8 33. Rb4 Ra7 34. Nd7 Ne4 35. Nxf8 Kxf8 36. Rc4 g6 37. f3 Nd6 38. Rb4 Ke7 39. Kd3 Ra5 40. e4 Ra7 41. g4 f6 42. f4 b5 43. axb5 Rb7 44. h4 Rxb5 45. Rxb5 Nxb5 46. h5 g5 47. f5 Kd6 48. Kc4 Na3+ 49. Kb3 Nb5 50. Kc4 Na3+ 51. Kb3 Nb5 1/2-1/2

[Event "Lovsprings op 12th C"]
[Site "Ringsted"]
[Date "2001.03.23"]
[Round "4"]
[White "Christensen, Michael"]
[Black "Nielsen, Poul Erik2222"]
[Result "1/2-1/2"]
[WhiteElo "1358"]
[BlackElo "1399"]
[PlyCount "83"]
[EventDate "2001.03.02"]
[EventType "swiss"]
[EventRounds "7"]
[EventCountry "DEN"]
[SourceTitle "EXT 2023"]
[Source "ChessBase"]
[SourceDate "2022.10.05"]
[SourceVersion "1"]
[SourceVersionDate "2022.10.05"]
[SourceQuality "1"]

1. e4 c5 2. Nf3 Nc6 3. d4 cxd4 4. Nxd4 e6 5. Nc3 a6 6. Bc4 Bb4 7. Nxc6 bxc6 8. Bd2 d5 9. exd5 cxd5 10. Bb3 Bd7 11. 0-0 Nf6 12. Re1 0-0 13. a3 Bd6 14. Bg5 h6 15. Bh4 Bc6 16. Qf3 Be7 17. Rad1 Qc8 18. Qd3 Rd8 19. Qe2 d4 20. Bxf6 Bxf6 21. Ne4 Bxe4 22. Qxe4 Rb8 23. Qd3 a5 24. a4 Qc5 25. Qg3 e5 26. Rd3 Qe7 27. Qf3 Re8 28. Rxd4 Rb4 29. Rxb4 Qxb4 30. Qe2 e4 31. Rb1 e3 32. f3 Rd8 33. Kf1 Qd2 34. Re1 Bg5 35. g3 Qd6 36. Bc4 Qd2 37. Bd3 Qb4 38. b3 Qd4 39. Rd1 Kh8 40. Re1 Re8 41. Rd1 Rd8 42. Re1 1/2-1/2

[Event "Lovsprings op 12th C"]
[Site "Ringsted"]
[Date "2001.03.09"]
[Round "2"]
[White "Jensen, Dan Bronnum"]
[Black "Christensen, Michael"]
[Result "1-0"]
[WhiteElo "1339"]
[BlackElo "1358"]
[PlyCount "83"]
[EventDate "2001.03.02"]
[EventType "swiss"]
[EventRounds "7"]
[EventCountry "DEN"]
[SourceTitle "EXT 2023"]
[Source "ChessBase"]
[SourceDate "2022.10.05"]
[SourceVersion "1"]
[SourceVersionDate "2022.10.05"]
[SourceQuality "1"]

1. e4 c5 2. Nf3 d6 3. b4 cxb4 4. a3 a6 5. axb4 e6 6. d4 Be7 7. Bd3 Nf6 8. 0-0 b5 9. Bxb5+ Nbd7 10. Bd3 0-0 11. c4 Bb7 12. Re1 d5 13. e5 Bxb4 14. Bd2 Bxd2 15. Nbxd2 Ne8 16. c5 Nb8 17. Qb1 Qc8 18. Bxh7+ Kh8 19. Bd3 Nc6 20. Qb6 Rb8 21. Qb1 a5 22. Qc1 Nc7 23. Be2 Ba6 24. Bxa6 Qxa6 25. Qc3 Nb5 26. Qe3 Nb4 27. Rec1 f6 28. exf6 gxf6 29. Qh6+ Kg8 30. Qg6+ Kh8 31. h4 Rb7 32. Qb1 Nc6 33. Qd3 Nb4 34. Qe3 Nc6 35. Qxe6 Nc7 36. Qe3 Ne8 37. Qh6+ Kg8 38. Qg6+ Rg7 39. Qf5 Qe2 40. Re1 Nxd4 41. Nxd4 Qxd2 42. Ne6 1-0

[Event "Lovfalds 12th F"]
[Site "Ringsted"]
[Date "1998.09.20"]
[Round "4"]
[White "Nielsen, Poul"]
[Black "Christensen, Michael"]
[Result "1/2-1/2"]
[WhiteElo "1132"]
[BlackElo "1178"]
[PlyCount "71"]
[EventDate "1998.09.18"]
[EventType "swiss"]
[EventRounds "5"]
[EventCountry "DEN"]
[SourceTitle "EXT 2023"]
[Source "ChessBase"]
[SourceDate "2022.10.05"]
[SourceVersion "1"]
[SourceVersionDate "2022.10.05"]
[SourceQuality "1"]

1. d4 d5 2. Nc3 Nf6 3. Bf4 a6 4. e3 Nc6 5. Be2 Bf5 6. a3 e6 7. Nf3 h6 8. h3 Bd6 9. Ne5 Bxe5 10. Bxe5 Nxe5 11. dxe5 Nd7 12. g4 Bh7 13. f4 Qh4+ 14. Kd2 0-0-0 15. Bd3 Nc5 16. Bxh7 Rxh7 17. Kc1 Qe7 18. b4 Nd7 19. Qf3 Nb6 20. Rd1 Nc4 21. Nb1 Rhh8 22. Nd2 Nb6 23. Ra2 Na4 24. Nb1 Rd7 25. c3 Rhd8 26. Rad2 f6 27. e4 fxe5 28. exd5 exd5 29. Rxd5 Rxd5 30. Rxd5 Rxd5 31. Qxd5 exf4 32. Qf5+ Kb8 33. Qxf4 Qe1+ 34. Kc2 Qe2+ 35. Qd2 Qe4+ 36. Qd3 1/2-1/2

[Event "Lovfalds 11th D"]
[Site "Ringsted"]
[Date "1997.09.19"]
[Round "1"]
[White "Nielsen, Poul"]
[Black "Christensen, Michael"]
[Result "0-1"]
[WhiteElo "1184"]
[BlackElo "1146"]
[PlyCount "134"]
[EventDate "1997.09.19"]
[EventType "swiss"]
[EventRounds "5"]
[EventCountry "DEN"]
[SourceTitle "EXT 2023"]
[Source "ChessBase"]
[SourceDate "2022.10.05"]
[SourceVersion "1"]
[SourceVersionDate "2022.10.05"]
[SourceQuality "1"]

1. d4 d5 2. Bf4 Bf5 3. Nc3 c6 4. e3 e6 5. a3 Nf6 6. Bd3 Bxd3 7. Qxd3 Be7 8. Nf3 Nbd7 9. 0-0 0-0 10. h3 c5 11. b3 a6 12. Rfe1 b5 13. Ne2 c4 14. bxc4 dxc4 15. Qd1 Nb6 16. Ne5 Bd6 17. Bg5 Bxe5 18. dxe5 Qxd1 19. Raxd1 Ne4 20. Bf4 Nd5 21. Rd4 Nxf4 22. exf4 Nc5 23. Nc3 Rad8 24. Red1 Rxd4 25. Rxd4 h6 26. Rd6 Ra8 27. Rc6 Nd7 28. Ne4 Nf8 29. Nc5 Ng6 30. g3 Ne7 31. Rxa6 Rxa6 32. Nxa6 Nc6 33. c3 Kf8 34. Nc7 Na7 35. Kf1 Ke7 36. Na6 Kd7 37. a4 bxa4 38. Nc5+ Kc6 39. Nxa4 Kd5 40. Ke2 g5 41. Ke3 gxf4+ 42. gxf4 h5 43. Kf3 Nb5 44. Ke3 Nc7 45. Nb6+ Kc5 46. Nd7+ Kc6 47. Nf6 Nd5+ 48. Nxd5 Kxd5 49. f3 h4 50. Kd2 Kc5 51. Kc2 Kb5 52. Kb2 Kc5 53. Kc2 Kd5 54. Kd2 Kc5 55. Ke3 Kd5 56. f5 Kxe5 57. f4+ Kxf5 58. Kd4 Kxf4 59. Kxc4 e5 60. Kd3 Kf3 61. c4 e4+ 62. Kd2 Kf2 63. c5 e3+ 64. Kd3 e2 65. c6 e1Q 66. c7 Qd1+ 67. Ke4 Qc2+ 0-1

[Event "Naestved Unichess 3"]
[Site "Naestved"]
[Date "1996.10.19"]
[Round "4"]
[White "Christensen, Michael"]
[Black "Truelsen, Kasper Achton"]
[Result "1-0"]
[WhiteElo "1130"]
[BlackElo "1000"]
[PlyCount "39"]
[EventDate "1996.10.12"]
[EventType "swiss"]
[EventRounds "5"]
[EventCountry "DEN"]
[SourceTitle "EXT 2023"]
[Source "ChessBase"]
[SourceDate "2022.10.05"]
[SourceVersion "1"]
[SourceVersionDate "2022.10.05"]
[SourceQuality "1"]

1. Nf3 d5 2. d4 f6 3. c4 dxc4 4. Nc3 c6 5. e4 Bg4 6. h3 Bxf3 7. Qxf3 Qxd4 8. Be3 Qd8 9. Bxc4 e5 10. 0-0 Qa5 11. a3 b5 12. b4 Qd8 13. Bxg8 Rxg8 14. Qh5+ g6 15. Qf3 Qd3 16. Rac1 f5 17. Rfd1 Qc4 18. Nd5 fxe4 19. Nc7+ Ke7 20. Bg5# 1-0